Normal view
MARC view
Entry Personal Name
001 - CONTROL NUMBER
- control field: 17901
003 - CONTROL NUMBER IDENTIFIER
- control field: BD-RjUL
005 - DATE AND TIME OF LATEST TRANSACTION
- control field: 20260330114030.0
008 - FIXED-LENGTH DATA ELEMENTS
- fixed length control field: 260330|| aca||aabn | a|a d
040 ## - CATALOGING SOURCE
- Original cataloging agency: BD-RjUL
- Transcribing agency: BD-RjUL
100 ## - HEADING--PERSONAL NAME
- Personal name: علی، محمد ;; Ali, Muhammad
670 ## - SOURCE DATA FOUND
- Source citation: Work cat.: (BD-RjUL)86267: علی، محمد ;; Ali, Muhammad, تاریخ خلافت راشدہ ;; taarikh khalaft - i - raashdah /, 1939